Obras de Lope de Rueda. (Record no. 164109)
[ view plain ]
| 000 -LEADER | |
|---|---|
| campo de control de longitud fija | 00943nam a22002295i 4500 |
| 001 - NÚMERO DE CONTROL | |
| campo de control | 164109 |
| 003 - IDENTIFICADOR DE NÚMERO DE CONTROL | |
| campo de control | ES-MaACL |
| 005 - FECHA Y HORA DE LA ÚLTIMA TRANSACCIÓN | |
| campo de control | 20251017063109.0 |
| 008 - DATOS DE LONGITUD FIJA--INFORMACIÓN GENERAL | |
| campo de control de longitud fija | 991116m18951896sp h |||| | spa d |
| 040 ## - FUENTE DE CATALOGACIÓN | |
| Centro catalogador/agencia de origen | CCPB | B |
| Lengua de catalogación | spa |
| Centro/agencia transcriptor | CCPB | B |
| 100 1# - ENTRADA PRINCIPAL--NOMBRE DE PERSONA | |
| Nombre de persona | Rueda, Lope de, |
| Fechas asociadas al nombre | ca. 1505-ca. 1565 |
| 9 (RLIN) | 100511 |
| 245 10 - MENCIÓN DEL TÍTULO | |
| Título | Obras de Lope de Rueda. |
| 260 ## - PUBLICACIÓN, DISTRIBUCIÓN, ETC. | |
| Lugar de publicación, distribución, etc. | Madrid : |
| Nombre del editor, distribuidor, etc. | [s.n.], |
| Fecha de publicación, distribución, etc. | 1895-1896 ( |
| Fabricante | Imprenta de José Perales y Martínez) |
| 300 ## - DESCRIPCIÓN FÍSICA | |
| Extensión | 2 v. (X, [2], 329, [3] p., [2] h. de facs.; X, [6], 294, [4] p.) ; |
| Dimensiones | 18 cm. |
| 490 1# - MENCIÓN DE SERIE | |
| Mención de serie | Colección de libros españoles, raros ó curiosos / que publica el Marqués de la Fuensanta del Valle ; |
| Designación de volumen o secuencia | 23 y 24 |
| 510 4# - NOTA DE CITAS O REFERENCIAS BIBLIOGRÁFICAS | |
| Nombre de la fuente | Palau, |
| Localización dentro de la fuente | t. XVIII, 281000 |
| 655 #7 - TERMINO DE INDIZACIÓN--GENERO/FORMA | |
| Fuente del término | tgfbne |
| 9 (RLIN) | 226495 |
| Datos o término principal de género/forma | Facsímiles |
| 830 00 - PUNTO DE ACCESO ADICIONAL DE SERIE-TÍTULO UNIFORME | |
| Título uniforme | Colección de libros españoles raros o curiosos |
| Designación de volumen o secuencia | 23 y 24 |
| 9 (RLIN) | 187911 |
| 852 ## - LOCALIZACIÓN | |
| Ubicación | ES-MaACL |
| Número de control de estantería | R-2190-91 |
| Nota libre | -- Enc. hol. |
| Encuadernación | -- Olim: G-13971-13972 |
| 942 ## - ELEMENTOS DE ENTRADA SECUNDARIOS (KOHA) | |
| Fuente del sistema de clasificación o colocación | Clasificación decimal universal |
| Estatus retirado | Estado de pérdida | Estado de daño | No para préstamo | Colección | Biblioteca de origen | Biblioteca actual | Ubicación en estantería | Fecha de adquisición | Fuente de adquisición | Total de préstamos | Signatura topográfica completa | Código de barras | Visto por última vez | Precio de reemplazo | Tipo de ítem Koha |
|---|---|---|---|---|---|---|---|---|---|---|---|---|---|---|---|
| Libros del s. XIX | Biblioteca del Ateneo de Madrid | Biblioteca del Ateneo de Madrid | Depósito | 17/01/2008 | R-2190-91 | 1171999 | 23/02/2023 | 23/02/2023 | Libro impreso antiguo |
